00302nam a2200109 a 45000010005000000030005000050050017000100080041000270400020000682450076000882600028001645773CDMR20130116135313.0130130s ||||||||||||||||||||||||||||d aCDMRbcatcCDMR 0aCharte des Nations Unies et statut de la Cour Internationale de Justice aNew YorkbNations Unies